| 000 | 01339nam a2200373 i 4500 | ||
|---|---|---|---|
| 001 | 56582 | ||
| 003 | KOSZ 005 | ||
| 005 | 20200401105900.0 | ||
| 008 | 081001s2008 pl a |000 0 pol | ||
| 015 | _aPB 2008/25562 | ||
| 020 | _a9788374934060 | ||
| 035 | _a(OCoLC)297614965 | ||
| 040 |
_aWA N _cWA N _dKOSZ 005/HR |
||
| 041 | 0 |
_apol _aeng _beng _bpol |
|
| 046 | _k2008 | ||
| 080 | _a536.7 | ||
| 245 | 0 | 0 |
_aTermodynamika w nauce i gospodarce. _nT. 1 / _c[praca pod red. Zbigniewa Gnutka, Władysława Gajewskiego]. |
| 260 |
_aWrocław : _bOficyna Wydawnicza Politechniki Wrocławskiej, _c2008. |
||
| 300 |
_a684 s. : _bil. ; _c24 cm. |
||
| 336 |
_2rdacontent _aTekst _btxt |
||
| 337 |
_2rdamedia _aBez urządzenia pośredniczącego _bn |
||
| 338 |
_2rdacarrier _aWolumin _bnc |
||
| 380 | _aKsiążki. | ||
| 388 | _a2001- | ||
| 504 | _aBibliogr. przy rozdz. | ||
| 546 | _aTekst częśc. ang. Streszcz. ang., pol. przy rozdz. | ||
| 658 | _aInżynieria i technika | ||
| 650 | 4 | _aTermodynamika | |
| 700 | 1 |
_aGnutek, Zbigniew _d(1947- ). _eRedakcja |
|
| 710 | 2 |
_aPolitechnika Wrocławska. _bOficyna Wydawnicza. _4pbl. |
|
| 700 | 1 |
_aGajewski, Władysław _d(1937- ) _eRedakcja |
|
| 856 |
_uhttp://koha.tu.koszalin.pl/cgi-bin/koha/opac-detail.pl?biblionumber=56582 _yKatalog online BPK |
||
| 942 |
_2UKD _cKS |
||
| 999 |
_c56582 _d56582 |
||